Občianske právo
Uložené v:
| Hlavný autor: | |
|---|---|
| Médium: | Kniha |
| Jazyk: | Slovak |
| Vydavateľské údaje: |
Bratislava
Vydavateľské oddelenie Právnickej fakulty UK
1994
|
| Vydanie: | 1. vyd. |
| Predmet: | |
| Tagy: |
Žiadne tagy, Buďte prvý, kto otaguje tento záznam!
|
MARC
| LEADER | 00000nam a2200000 4500 | ||
|---|---|---|---|
| 001 | c010752 | ||
| 005 | 20221214074608.7 | ||
| 020 | |a 80-85719-06-1 | ||
| 041 | 0 | |a slo | |
| 044 | |a SK | ||
| 245 | 1 | 0 | |a Občianske právo |c Ján Lazar a kol. |
| 250 | |a 1. vyd. | ||
| 264 | 1 | |a Bratislava |b Vydavateľské oddelenie Právnickej fakulty UK |c 1994 | |
| 300 | |a 400 s. | ||
| 610 | 2 | 0 | |a právo občianske |
| 610 | 2 | 0 | |a vlastníctvo duševné |
| 610 | 2 | 0 | |a záväzky |
| 610 | 2 | 0 | |a zmluvy |
| 610 | 2 | 0 | |a právo hospodárske |
| 610 | 2 | 0 | |a kultúra |
| 100 | 1 | |a Lazar, Ján | |